000 00744nam a22002057a 4500
999 _c169015
_d169015
005 20191104121154.0
010 _aB-730811
020 _a9789353093846
_c40.00
037 _adpl
_bPratham
082 _aS
100 _aRamamurthy, Naresh
245 _aSlip and slide /
_c by Naresh Ramamurthy ; illustrated by Sirawon Khathing [and] Isaac Gergon
260 _aBangaluru
_bPratham Books
_c2018
270 _a633-634,4th "C" Main,6th 'B' Cross, OMBR Layout Banaswadi,
_bBangalore
_e560043
_k911141042483 (New Delhi)
300 _a16p.
_bill.
_c18 cm.(pbk)
700 _aKhathing, Sirawon
_935533
700 _aGergon, Isaac
942 _2ddc
_cCH
_hS
_mRAM